[Event "Santo Domingo op U2100 2nd"]
[Site "Santo Domingo"]
[Date "2015.06.20"]
[Round "3"]
[White "Menendez Mendez, Ariel"]
[Black "Reyes Capellan, Elby"]
[Result "1/2-1/2"]
[WhiteElo "1960"]
[BlackElo "2018"]
[PlyCount "192"]
[EventDate "2015.06.19"]
[EventType "swiss"]
[EventRounds "8"]
[EventCountry "DOM"]
[SourceTitle "CBM 167 Extra"]
[Source "ChessBase"]
[SourceDate "2015.09.14"]
[SourceVersion "1"]
[SourceVersionDate "2015.09.14"]
[SourceQuality "1"]

1. e4 e5 2. Nf3 Nc6 3. d4 exd4 4. Nxd4 Bc5 5. Nb3 Be7 6. Nc3 Nf6 7. Be3 0-0 8. f3 b6 9. Qd2 a5 10. 0-0-0 a4 11. Nd4 Nxd4 12. Bxd4 d6 13. g4 c6 14. Bxf6 gxf6 15. Kb1 a3 16. b3 Kh8 17. Ne2 Rg8 18. Nd4 Bd7 19. Qf4 Ra5 20. Be2 Qf8 21. Rhg1 Qg7 22. Rg3 Qg5 23. Qd2 Qxd2 24. Rxd2 c5 25. Nf5 Bxf5 26. gxf5 Rxg3 27. hxg3 Ra8 28. Bc4 Kg7 29. Rh2 Bd8 30. Kc1 h6 31. Kd2 Ra5 32. Ke3 b5 33. Bd5 Ra7 34. Bc6 b4 35. Kf4 Be7 36. Kg4 Rc7 37. Bd5 Bf8 38. Kh5 Be7 39. Rh4 Bf8 40. Rg4+ Kh7 41. Kh4 Re7 42. Kh3 Ra7 43. Kg2 Rc7 44. Kf1 Bg7 45. Ke2 Bf8 46. Kd3 Re7 47. Kc4 Rc7 48. Kb5 Ra7 49. Kb6 Rd7 50. Bb7 Re7 51. Ka7 d5 52. Kb8 dxe4 53. fxe4 h5 54. Rh4 Kh6 55. Bd5 Kg5 56. Kc8 Ra7 57. Bc4 Bd6 58. Be2 Bxg3 59. Rxh5+ Kf4 60. Bd3 Ke5 61. Rh3 Bf4 62. Be2 Kxe4 63. Bg4 Rc7+ 64. Kd8 Ra7 65. Rd3 Be5 66. Ke8 Bd4 67. Kf8 Kf4 68. Bh3 Rd7 69. Ke8 Rb7 70. Kf8 Kg5 71. Rf3 Rd7 72. Bf1 Rd5 73. Bd3 Re5 74. Rf1 Re3 75. Kxf7 Bc3 76. Rg1+ Kf4 77. Rg6 Rh3 78. Ke6 Rh1 79. Kd5 Ra1 80. Kxc5 Rxa2 81. Rg1 Rb2 82. Ra1 a2 83. Kb5 Rxc2 84. Rf1+ Rf2 85. Rxf2+ Ke3 86. Rxa2 Kxd3 87. Ra4 Ke4 88. Rxb4+ Bxb4 89. Kxb4 Kxf5 90. Kc5 Ke4 91. b4 f5 92. b5 f4 93. b6 f3 94. b7 f2 95. b8Q f1Q 96. Qe8+ Kf3 1/2-1/2

[Event "Santo Domingo op U2100"]
[Site "Santo Domingo"]
[Date "2015.02.13"]
[Round "5"]
[White "Menendez Mendez, Ariel"]
[Black "Rojas, Ramon"]
[Result "1-0"]
[WhiteElo "1950"]
[BlackElo "1842"]
[PlyCount "67"]
[EventDate "2015.02.06"]
[EventType "swiss"]
[EventRounds "8"]
[EventCountry "DOM"]
[SourceTitle "CBM 164 Extra"]
[Source "ChessBase"]
[SourceDate "2015.03.02"]
[SourceVersion "1"]
[SourceVersionDate "2015.03.02"]
[SourceQuality "1"]

1. e4 d6 2. d4 g6 3. Nc3 Bg7 4. Nf3 Nf6 5. Bg5 h6 6. Be3 0-0 7. h3 Nbd7 8. Qd2 Kh7 9. 0-0-0 a6 10. g4 Ne8 11. e5 b5 12. Bg2 Bb7 13. Ng5+ hxg5 14. Bxb7 Ra7 15. Bg2 b4 16. Ne4 dxe5 17. dxe5 c5 18. Nxg5+ Kg8 19. e6 fxe6 20. Nxe6 Qa5 21. Nxf8 Kxf8 22. Bd5 Nd6 23. Bh6 e5 24. Qg5 Nf6 25. Bxg7+ Kxg7 26. Qxe5 c4 27. g5 Qxa2 28. Qxf6+ Kh7 29. Qxd6 Qa1+ 30. Kd2 Qxb2 31. Qf6 c3+ 32. Kd3 b3 33. Bxb3 Rd7+ 34. Ke2 1-0

[Event "Santo Domingo op U2100"]
[Site "Santo Domingo"]
[Date "2015.02.07"]
[Round "3"]
[White "Menendez Mendez, Ariel"]
[Black "Franco Rodriguez, Andres Avelino"]
[Result "0-1"]
[WhiteElo "1950"]
[BlackElo "2074"]
[PlyCount "62"]
[EventDate "2015.02.06"]
[EventType "swiss"]
[EventRounds "8"]
[EventCountry "DOM"]
[SourceTitle "CBM 164 Extra"]
[Source "ChessBase"]
[SourceDate "2015.03.02"]
[SourceVersion "1"]
[SourceVersionDate "2015.03.02"]
[SourceQuality "1"]

1. e4 c5 2. Nf3 Nc6 3. d4 cxd4 4. Nxd4 Nf6 5. Nc3 d6 6. Bg5 h6 7. Bh4 g5 8. Bg3 Qb6 9. Nb3 Be6 10. f3 Bg7 11. Qd2 a6 12. Bf2 Qc7 13. 0-0-0 Bxb3 14. axb3 0-0-0 15. Na4 Nd7 16. Qd5 b5 17. Nc3 Nb4 18. Qa8+ Nb8 19. Bd4 Bxd4 20. Rxd4 Qc5 21. Rd5 Qe3+ 22. Kb1 Rd7 23. Rd1 Ra7 24. Nd5 Qf2 25. Qxb8+ Kxb8 26. Nxb4 Rc8 27. c3 a5 28. Nc2 b4 29. c4 a4 30. Nxb4 axb3 31. Rc1 Qc5 0-1